Score 0/16 Timer 03:00
0 Plays Today
Title Film % Correct
Air _____ OneForce
95.3%
_____ AttractionFatal
93.9%
The Stepford _____Wives
91.6%
The _____ According to GarpWorld
88.9%
101 _____Dalmatians
88.7%
_____ Attacks!Mars
81.9%
_____ LiaisonsDangerous
79.5%
Jagged _____Edge
69.8%
Title Film % Correct
The Big _____Chill
42.5%
_____ ReillyMary
31.5%
Nine _____Lives
28.8%
Cookie's _____Fortune
18.1%
_____ of FortuneReversal
17.2%
Albert _____Nobbs
16%
Paradise _____Road
7.4%
Meeting _____Venus
3.9%

Today's Daily Dose

You're not logged in!

Compare scores with friends on all Sporcle quizzes.
OR
Log In

Sporcle TV

Today on Sporcle TV


Watch our educational content, quiz creation guides, and fun videos on Sporcle TV.

Show Comments

Extras

Top Quizzes Today


Score Distribution

Paid Content

Your Account Isn't Verified!

In order to create a playlist on Sporcle, you need to verify the email address you used during registration. Go to your Sporcle Settings to finish the process.

Report this User

Report this user for behavior that violates our Community Guidelines.

Details: